Catálogo - Centro de Recursos para el Aprendizaje y la Investigación

Volver al Sitio - CRAI Biblioteca

CDCRD Código de construcción de la República Dominicana (Registro nro. 114087)

Detalles MARC
000 -CABECERA
campo de control de longitud fija 01655nam a22002897a 4500
001 - NÚMERO DE CONTROL
campo de control 114087
003 - IDENTIFICADOR DEL NÚMERO DE CONTROL
campo de control DR-UNIBE
005 - FECHA Y HORA DE LA ÚLTIMA TRANSACCIÓN
campo de control 20250919084944.0
008 - DATOS DE LONGITUD FIJA--INFORMACIÓN GENERAL
campo de control de longitud fija 250918b2025 dr ||||| |||| 00| 0 spa d
040 ## - FUENTE DE LA CATALOGACIÓN
Centro catalogador/agencia de origen BIBLIOTECA UNIBE
Centro/agencia transcriptor BIBLIOTECA UNIBE
Normas de descripción rda
041 ## - CÓDIGO DE LENGUA
Código de lengua del texto/banda sonora o título independiente spa
110 2# - ENTRADA PRINCIPAL--NOMBRE DE ENTIDAD CORPORATIVA
Nombre de entidad corporativa o nombre de jurisdicción como elemento de entrada República Dominicana.
Unidad subordinada Ministerio de la Vivienda y Edificaciones (MIVED)
9 (RLIN) 199283
245 10 - MENCIÓN DE TÍTULO
Título CDCRD Código de construcción de la República Dominicana
250 ## - MENCIÓN DE EDICIÓN
Mención de edición Primera edición
260 ## - PUBLICACIÓN, DISTRIBUCIÓN, ETC.
Lugar de publicación, distribución, etc. [Lugar de publicación no identificado] :
Nombre del editor, distribuidor, etc. Ministerio de la Vivienda y Edificaciones (MIVED),
Fecha de publicación, distribución, etc. 2025
300 ## - DESCRIPCIÓN FÍSICA
Extensión 5 volúmenes
505 ## - NOTA DE CONTENIDO CON FORMATO
Nota de contenido con formato Volumen 1. Tomo 1. Análisis y diseño estructural en edificaciones |<br/>Volumen 1. Tomo 2. Análisis y diseño estructural en edificaciones |<br/>Volumen 2. Instalaciones hidrosanitarias en edificaciones |<br/>Volumen 3. Instalaciones eléctricas en edificaciones |<br/>Volumen 4. Recomendaciones para instalaciones mecánicas en edificaciones |<br/>Volumen 5. Diseño arquitectónico en edificaciones |<br/>
650 #7 - PUNTO DE ACCESO ADICIONAL DE MATERIA--TÉRMINO DE MATERIA
Fuente del encabezamiento o término lemb
Término de materia o nombre geográfico como elemento de entrada Viviendas
Subdivisión general Diseño de estructuras
Subdivisión geográfica República Dominicana
9 (RLIN) 199309
650 #7 - PUNTO DE ACCESO ADICIONAL DE MATERIA--TÉRMINO DE MATERIA
Fuente del encabezamiento o término lemb
Término de materia o nombre geográfico como elemento de entrada Edificación
Subdivisión general Diseño de estructuras
Subdivisión geográfica República Dominicana
9 (RLIN) 199310
650 #7 - PUNTO DE ACCESO ADICIONAL DE MATERIA--TÉRMINO DE MATERIA
Fuente del encabezamiento o término lemb
Término de materia o nombre geográfico como elemento de entrada Construcción
Subdivisión general Diseño de estructuras
Subdivisión geográfica República Dominicana
9 (RLIN) 199311
650 #7 - PUNTO DE ACCESO ADICIONAL DE MATERIA--TÉRMINO DE MATERIA
Término de materia o nombre geográfico como elemento de entrada Instalaciones eléctricas
Subdivisión geográfica República Dominicana
Fuente del encabezamiento o término lemb
9 (RLIN) 199312
650 #7 - PUNTO DE ACCESO ADICIONAL DE MATERIA--TÉRMINO DE MATERIA
Término de materia o nombre geográfico como elemento de entrada Instalaciones sanitarias
Subdivisión geográfica República Dominicana
9 (RLIN) 199313
650 #7 - PUNTO DE ACCESO ADICIONAL DE MATERIA--TÉRMINO DE MATERIA
Término de materia o nombre geográfico como elemento de entrada Diseño arquitectónico
653 00 - TÉRMINO DE INDIZACIÓN--NO CONTROLADO
Término no controlado Aguas residuales -- Instalación
856 ## - LOCALIZACIÓN Y ACCESO ELECTRÓNICOS
Identificador Uniforme del Recurso <a href="https://unibe.libguides.com/ingenieria/manuales_y_estandares#s-lg-box-wrapper-28626580">https://unibe.libguides.com/ingenieria/manuales_y_estandares#s-lg-box-wrapper-28626580</a>
942 ## - ELEMENTOS DE PUNTO DE ACCESO ADICIONAL (KOHA)
Fuente del sistema de clasificación o colocación Sistema de Clasificación Decimal Dewey
Tipo de ítem Koha e-Libro (en línea)

No hay ítems disponibles.